[Event "OMA-ch Clubs 7th"]
[Site "Muscat"]
[Date "2024.07.15"]
[Round "6.2"]
[White "Salim Mohammed, Salim Al Amri"]
[Black "Al Mahrouqi, Salem Mohamed"]
[Result "1/2-1/2"]
[WhiteElo "1927"]
[BlackElo "1716"]
[PlyCount "171"]
[EventDate "2024.07.11"]
[EventType "team-swiss"]
[EventRounds "9"]
[EventCountry "OMN"]
[SourceTitle "EXT 2025"]
[Source "ChessBase"]
[SourceDate "2024.10.14"]
[SourceVersion "1"]
[SourceVersionDate "2024.10.14"]
[SourceQuality "1"]
[WhiteTeam "Masirah White"]
[BlackTeam "Al Suwaiq"]
[WhiteTeamCountry "OMN"]
[BlackTeamCountry "OMN"]

1. c4 e5 2. Nc3 Nf6 3. g3 Be7 4. Bg2 Nc6 5. Nf3 d6 6. 0-0 0-0 7. d3 a6 8. a3 h6 9. b4 Nh7 10. Nd5 f5 11. Nxe7+ Nxe7 12. d4 e4 13. Ne1 c6 14. f3 d5 15. c5 Bd7 16. Bf4 Nf6 17. Bd6 Ne8 18. fxe4 fxe4 19. Rxf8+ Kxf8 20. Bf4 Ng6 21. Be3 Qe7 22. Bf1 Nf6 23. Ng2 Ng4 24. Qd2 Nxe3 25. Qxe3 Kg8 26. Nf4 Nxf4 27. gxf4 Rf8 28. Qg3 Qe6 29. e3 Rf6 30. Kh1 Rg6 31. Qh4 Qg4 32. Qxg4 Bxg4 33. Bg2 Be2 34. Ra2 Bd3 35. Bh3 Rf6 36. Bc8 g5 37. f5 Bc4 38. Rf2 h5 39. Bxb7 Kf8 40. Bc8 Ke7 41. h3 Rf8 42. Be6 Bb5 43. Kh2 h4 44. Ra2 Ba4 45. Ra1 Ra8 46. Rb1 Bb5 47. Kg2 Ba4 48. Kf2 Bb5 49. Ke1 Ba4 50. Kd2 Rh8 51. Rg1 Kf6 52. Kc3 Rb8 53. Kd2 Ra8 54. Ke2 Rb8 55. Kf2 Rd8 56. Rb1 Rb8 57. Kg2 Ra8 58. b5 axb5 59. Bd7 Ra6 60. Bc8 Ra7 61. Kf2 Ke7 62. Ke2 Bc2 63. f6+ Kf7 64. Rg1 Bd3+ 65. Kd2 Kxf6 66. Rg2 Rxa3 67. Rf2+ Kg6 68. Rf8 Ra2+ 69. Kc3 Rc2+ 70. Kb3 Re2 71. Rd8 Rxe3 72. Rd6+ Kf7 73. Rxc6 Bc4+ 74. Kb4 Rb3+ 75. Ka5 Ra3+ 76. Kb6 b4 77. Rc7+ Kf8 78. Bg4 b3 79. Rc8+ Kf7 80. Rc7+ Kf6 81. Rc6+ Ke7 82. Rc7+ Ke8 83. Rc8+ Ke7 84. Rc7+ Kd8 85. Rc8+ Ke7 86. Rc7+ 1/2-1/2

[Event "OMA-ch"]
[Site "Muscat"]
[Date "2021.09.26"]
[Round "6"]
[White "Al Mahrouqi, Salem Mohamed"]
[Black "Al Ansi, Amin Hassan"]
[Result "0-1"]
[WhiteElo "1510"]
[BlackElo "1816"]
[PlyCount "78"]
[EventDate "2021.09.22"]
[EventType "swiss"]
[EventRounds "9"]
[EventCountry "OMN"]
[SourceTitle "EXT 2023"]
[Source "ChessBase"]
[SourceDate "2022.10.05"]
[SourceVersion "1"]
[SourceVersionDate "2022.10.05"]
[SourceQuality "1"]

1. e4 d5 2. exd5 Qxd5 3. Nc3 Qd6 4. Nf3 Nf6 5. Qe2 a6 6. Qe5 e6 7. Bc4 b5 8. Bb3 Bb7 9. Qxd6 Bxd6 10. d3 Nbd7 11. Bd2 Nc5 12. Be3 Nxb3 13. axb3 h6 14. h3 Nd7 15. Ne2 0-0 16. Bd4 c5 17. Bc3 b4 18. Bd2 Rfd8 19. Be3 e5 20. Ng3 Bf8 21. Ra5 g6 22. Ne4 Rac8 23. Ned2 Re8 24. 0-0 f5 25. Nc4 Re6 26. Re1 e4 27. Bc1 Rce8 28. Nh2 exd3 29. Rxe6 Rxe6 30. Bd2 dxc2 31. Ra1 Bd5 32. Kf1 Bxc4+ 33. bxc4 b3 34. Nf3 Bg7 35. Bc1 Ne5 36. Nxe5 Bxe5 37. g3 Rd6 38. Ke2 Rd1 39. h4 Bxb2 0-1

[Event "OMA-ch"]
[Site "Muscat"]
[Date "2021.09.23"]
[Round "2"]
[White "Al Mahrouqi, Salem Mohamed"]
[Black "Salim Mohammed, Salim Al Amri"]
[Result "1-0"]
[WhiteElo "1510"]
[BlackElo "1926"]
[PlyCount "133"]
[EventDate "2021.09.22"]
[EventType "swiss"]
[EventRounds "9"]
[EventCountry "OMN"]
[SourceTitle "EXT 2023"]
[Source "ChessBase"]
[SourceDate "2022.10.05"]
[SourceVersion "1"]
[SourceVersionDate "2022.10.05"]
[SourceQuality "1"]

1. e4 e5 2. Nf3 Nc6 3. Bc4 Nf6 4. Nc3 Nxe4 5. Nxe4 d5 6. Bxd5 Qxd5 7. Nc3 Qa5 8. h3 Bb4 9. 0-0 0-0 10. a3 Bf5 11. Ne2 Rad8 12. Ng3 Bg6 13. Nh4 Bxd2 14. Nxg6 hxg6 15. Qf3 Qb6 16. Rb1 Bh6 17. Qg4 Rd4 18. Qe2 Rfd8 19. c3 Rd3 20. Ne4 a5 21. Bg5 Bxg5 22. Nxg5 Qb3 23. Qg4 R3d6 24. Qh4 f5 25. c4 Ne7 26. Qh7+ Kf8 27. Qh8+ Ng8 28. Nh7+ Kf7 29. Ng5+ Kf6 30. Nh7+ Kf7 31. Ng5+ Kf6 32. Nh7+ Ke6 33. Qxg7 Ne7 34. Qf6+ Kd7 35. Qxe5 a4 36. Nf6+ Kc8 37. Qxe7 f4 38. Nd5 R6d7 39. Qc5 Kb8 40. Nc3 f3 41. Qa5 Qxc4 42. Qxa4 Qc5 43. Qb5 Qe7 44. Qa5 b6 45. Qa6 Qg5 46. g3 c6 47. Qxb6+ Rb7 48. Qxc6 Qf5 49. g4 Qf4 50. Qe4 Qf6 51. Rfe1 Rc8 52. Nd5 Qh8 53. Qe5+ Qxe5 54. Rxe5 Rc2 55. Re8+ Ka7 56. Re7 g5 57. Rxb7+ Kxb7 58. Nc3 Kc6 59. Ne4 Kd5 60. Nxg5 Ke5 61. Nxf3+ Kf4 62. Kg2 Re2 63. b4 Ra2 64. Rb3 Re2 65. b5 Re8 66. b6 Rb8 67. Rb4# 1-0